00557 2200241 4500001002100000005001500021035002000036007000300056008004100059020001800100082001100118084001700129100001600146245003000162260003100192300003000223856001700253990000900270990000900279990000900288990000900297990000900306INLIS00000000000048420220715101130 a0010-0722000058ta220715 g 0 ind  a9786028603782 a582.12 a582.12 TIM k0 aTim Redaksi1 aKelor Herbal Multikhasiat aSolo :bDelta Media,c2011 avi + 42 hlm ;c19 x 23 cm aKoleksi Umum a5687 a5688 a5689 a5670 a5671